Parque Nacional de Tierra del Fuego.

Excursión al Parque Nacional de Tierra del Fuego. Bosques andino-patagónicos. Hábitat de los castores: plaga dañina del bosque subantártico. Preservación de los ecosistemas.

Guardado en:
Formato: Deslizar
Materias:
Etiquetas: Agregar Etiqueta
Sin Etiquetas, Sea el primero en etiquetar este registro!
LEADER 00935ngm a22002535g 4500
001 CEM.cems022141
008 130507b1995##################0###0#####d
005 20241007155607.0
245 0 0 |a Parque Nacional de Tierra del Fuego. 
300 |a 22'. 
500 |a En soporte VHS, consultar en ventanilla. 
538 |a Soporte: VHS - Norma: Pal N - Color - Grabación DRD 1995 - Hitachi=5455 
520 |a Excursión al Parque Nacional de Tierra del Fuego. Bosques andino-patagónicos. Hábitat de los castores: plaga dañina del bosque subantártico. Preservación de los ecosistemas. 
082 3 0 |/ DES 
653 |a PARQUE NACIONAL TIERRA DEL FUEGO 
653 |a TURISMO 
653 |a PAISAJES 
653 |a USHUAIA 
653 |a BOSQUES ANDINO-PATAGONICOS 
653 |a CASTORES 
653 |a ECOSISTEMA 
653 |a BOSQUES 
653 |a NIVEL SECUNDARIO 
859 |a CEMS  |b BIB. CEMS - Depto. Recursos Didacticos  |h 301  |i DES  |k DRD  |p 784.12  |t Ej.1